Baltimore Ravens Players' Colleges - Statistics

General Stats
  • This quiz has been taken 36 times
  • The average score is 29 of 51
Answer Stats
Player College % Correct
Marquise Brown Oklahoma
100%
Mark Andrews Oklahoma
100%
Orlando Brown Jr Oklahoma
100%
Ben Powers Oklahoma
100%
Mark Ingram II Alabama
96%
Bradley Bozeman Alabama
96%
Marlon Humphrey Alabama
96%
Anthony Averett Alabama
96%
Cyrus Jones Alabama
96%
Lamar Jackson Louisville
93%
Earl Thomas III Texas
93%
Justin Tucker Texas
93%
Robert Griffin III Baylor
86%
Trace McSorley Penn State
86%
Miles Boykin Notre Dame
79%
Ronnie Stanley Notre Dame
79%
Bennett Jackson Notre Dame
79%
Marshal Yanda Iowa
75%
Chris Wormley Michigan
71%
Justice Hill Oklahoma State
71%
Jimmy Smith Colorado
68%
Gus Edwards Rutgers
68%
Hayden Hurst South Carolina
68%
Maurice Canady Virginia
68%
Tyus Bowser Houston
61%
Chuck Clark Virginia Tech
61%
Sam Koch Nebraska
54%
Marcus Peters Washington
50%
Matt Skura Duke
46%
Josh Bynes Auburn
43%
Patrick Ricard Maine
43%
James Hurst North Carolina
43%
Daylon Mack Texas A&M
43%
Nick Boyle Delaware
39%
Jaylon Ferguson Louisiana Tech
39%
Morgan Cox Tennessee
39%
Matthew Judon Grand Valley State
36%
Brandon Carr Grand Valley State
36%
Jihad Ward Illinois
32%
Jaleel Scott New Mexico State
29%
Willie Snead IV Ball State
25%
Patrick Mekari California
25%
Michael Pierce Samford
21%
Chris Moore Cincinnati
18%
Chris Board North Dakota State
11%
LJ Fort Northern Iowa
7%
Patrick Onwuasor Portland State
7%
Zach Sieler Ferris State
4%
Brandon Williams Missouri Southern State
4%
Anthony Levine Sr Tennessee State
4%
Seth Roberts West Alabama
4%
No matching quizzes found
Score Distribution
Percent of People with Each Score
Percentile by Number Answered
Your Score History
You have not taken this quiz